skbl

Dr Suryya Kumar Bhuyan Library Web-OPAC
ডঃ সূৰ্য্য
কুমাৰ ভূঞা পুথিভঁৰাল ৱেব-অ'পেক

All Research Scholars are advised to clear the annual library fees to continue using Library Resources, Remote Access, Plagiarism Test and Library Clearance.

Cotton University Book Fair 2026

Asamiya Lokgiti Sanchyan / (Record no. 27736)

MARC details
000 -LEADER
fixed length control field 00715nam a2200265Ia 4500
001 - CONTROL NUMBER
control field 27754
005 - DATE AND TIME OF LATEST TRANSACTION
control field 20240114001017.0
007 - PHYSICAL DESCRIPTION FIXED FIELD--GENERAL INFORMATION
fixed length control field ta
008 - FIXED-LENGTH DATA ELEMENTS--GENERAL INFORMATION
fixed length control field 120225s1998 ii g b000 u asm u
040 ## - CATALOGING SOURCE
Original cataloging agency Cotton College,Assam
041 ## - LANGUAGE CODE
Language code of text/sound track or separate title asm
082 ## - DEWEY DECIMAL CLASSIFICATION NUMBER
Classification number 891.41108
Item number Sh 11 As
100 ## - MAIN ENTRY--PERSONAL NAME
Personal name Sarma, Hementa Kumar .
245 #0 - TITLE STATEMENT
Title Asamiya Lokgiti Sanchyan /
Statement of responsibility, etc. Hementa Kumar Sarma.
Medium Textual Documents
250 ## - EDITION STATEMENT
Edition statement 3rd ed. /
260 ## - PUBLICATION, DISTRIBUTION, ETC.
Place of publication, distribution, etc. Guwahati :
Name of publisher, distributor, etc. Bina Library ,
Date of publication, distribution, etc. 1998.
300 ## - PHYSICAL DESCRIPTION
Extent 261p. ;
Dimensions 22cm.
653 ## - INDEX TERM--UNCONTROLLED
Uncontrolled term Assamese Folk Songs
653 ## - INDEX TERM--UNCONTROLLED
Uncontrolled term Folk Song-Assam
653 ## - INDEX TERM--UNCONTROLLED
Uncontrolled term G-Assamese
700 ## - ADDED ENTRY--PERSONAL NAME
Personal name Sarma, ,
Relator term Hementa Kumar .,
942 ## - ADDED ENTRY ELEMENTS (KOHA)
Source of classification or shelving scheme Dewey Decimal Classification
Koha item type Books
Holdings
Withdrawn status Lost status Damaged status Not for loan Home library Current library Shelving location Date acquired Coded location qualifier Total checkouts Full call number Barcode Date last seen Copy number Price effective from Koha item type
        Dr. Suryya Kumar Bhuyan Library Dr. Suryya Kumar Bhuyan Library   01/02/2012 00000   891.41108 Sh 11 As 605/El 14/01/2024 1 01/02/2012 Books

Designed and Maintained by Team SKBL
©1901-2026

Powered by Koha